00425nam a2200145Ia 4500008004100000020001500041041000800056082001600064100005300080245004100133250000600174260005200180300001300232650003400245210716s2006 xx 000 0 und d a8120316193 aeng a004.35 SASM aSasikumar, M; Shikhare, Dinesh; Prakash, P Ravi. aIntroduction to parallel processing. a1 aNew DelhibPrentice Hall of India PVt Ltdc2006 aviii,266 aParallel Programming(005.275)